Tout est dans le titre 2 - Statistiques

Statistiques générales
  • Ce quiz a été pris 121 fois
  • Le résultat moyen est 29 sur 40
Statistiques - réponses
Hint Réponse % Correct
.......... peut arriver Oui
94%
Plus que .......... au monde Oui
91%
Un singe en .......... Non
89%
La sirène du .......... Non
84%
J’ai .......... oublié Oui
84%
..........doit disparaître Oui
83%
Un condamné à .......... s'est échappé Non
81%
..........ça pour ça Oui
81%
..........est possible Oui
80%
Sans toi ni .......... Non
79%
Tom est .......... seul Oui
79%
.......... le monde en parle Oui
79%
Le .......... de Claire Non
78%
Prête à .......... Oui
78%
Le soleil brille pour .......... le monde Oui
78%
L'Année prochaine si .......... va bien Oui
78%
T'empêches .......... le monde de dormir Oui
78%
.......... le monde n'a pas eu la chance d'avoir des parents communistes Oui
77%
Je vais bien, .......... va bien Oui
77%
Y en aura pour .......... le monde Oui
76%
.......... cancan Non
75%
Cléo de 5 à .......... Non
74%
.......... des Amériques Non
73%
Riens du .......... Oui
73%
.......... pour la musique Oui
73%
.........., .......... pour ma chérie Oui
72%
De battre mon .......... s'est arrêté Non
70%
Mauvais .......... Non
70%
Une partie de .......... Non
70%
A bout de .......... Non
69%
Les vacances de Monsieur .......... Non
69%
Je sais rien mais je dirai .......... Oui
68%
Le .......... rouge Non
67%
Un air de .......... Non
67%
La règle du .......... Non
65%
Seul contre .......... Non
61%
Hiroshima, mon .......... Non
60%
.......... pour l'échafaud Non
51%
Mon .......... à moi Non
41%
Rap .......... Oui
25%
Aucun quiz correspondant
Distribution des résultats
% des personnes avec chaque résultat
Percentile par nombre de réponses
Votre historique - résultats
Vous n’avez pas pris ce quiz